书目信息 |
| 题名: |
经济学辞典
|
|
| 作者: | 赵玉林 , 王化中 主编 | |
| 分册: | ||
| 出版信息: | 北京 中国经济出版社 1990.8 |
|
| 页数: | 874页 | |
| 开本: | 20cm | |
| 丛书名: | ||
| 单 册: | ||
| 中图分类: | F0-61 | |
| 科图分类: | ||
| 主题词: | 经济学--词典 | |
| 电子资源: | ||
| ISBN: | 7-5017-0532-1 | |
| 000 | 00697nam0 2200229 45 | |
| 001 | 0192002049 | |
| 005 | 20061025103140.00 | |
| 010 | @a7-5017-0532-1@b精装@dCNY18.00 | |
| 100 | @a19920131d1990 em y0chiy0121 ea | |
| 101 | 0 | @achi |
| 102 | @aCN@b110000 | |
| 105 | @ay e 000yy | |
| 200 | 10 | @a经济学辞典@AJING JI XUE CI DIAN@f赵玉林,王化中主编@FZHAO YU LIN , WANG HUA ZHONG ZHU BIAN |
| 210 | @a北京@c中国经济出版社@d1990.8 | |
| 215 | @a874页@d20cm | |
| 540 | 1 | @a经济学 辞典@AJING JI XUE CI DIAN |
| 606 | @a经济学@x词典 | |
| 690 | @aF0-61@v三版 | |
| 701 | 0 | @a赵玉林@AZHAO YU LIN@4主编 |
| 701 | 0 | @a王化中@AWANG HUA ZHONG@4主编 |
| 801 | 0 | @aCN@bTSSF@c20061025 |
| 905 | @a10447@dF0-61@e34 | |
| 经济学辞典/赵玉林,王化中主编.-北京:中国经济出版社,1990.8 |
| 874页;20cm |
| ISBN 7-5017-0532-1(精装):CNY18.00 |
| ● |
| 相关链接 |
|
|
|
|
正题名:经济学辞典
索取号:F0-61/34
 
预约/预借
| 序号 | 登录号 | 条形码 | 馆藏地/架位号 | 状态 | 备注 |
| 1 | 0232458 | 002055509 | 第一样本阅览室/ [索取号:F0-61/34] | 在馆 |